5 Books Per Century II Quiz Stats

 Plays Quiz Updated Jan 28, 2018

Challenge
Share
Tweet
Embed
Score 0/25 Timer 06:00
8 Plays Today
% Correct
To Kill a Mockingbird
78.7%
Oliver Twist
66.9%
Around the World in Eighty Days
66.4%
Jane Eyre
65.6%
Atonement
64.9%
The Virgin Suicides
64.8%
Never Let Me Go
64.4%
One Hundred Years of Solitude
63.7%
Gulliver's Travels
58.5%
Hamlet
57.6%
Wolf Hall
54.8%
Half of a Yellow Sun
54.7%
The Count of Monte Cristo
52.5%
% Correct
Leviathan (Hobbes)
52%
Kafka on the Shore
51.3%
Common Sense
48%
The Wealth of Nations
45.5%
Two Treatises of Government
45.4%
The House of the Spirits
43.5%
Twelve Years a Slave
43%
A Vindication of the Rights of Woman
41.1%
Tartuffe
39%
Meditations on First Philosophy
38.1%
The Social Contract
30.5%
The Scarlet Pimpernel
17.9%

You're not logged in!

Compare scores with friends on all Sporcle quizzes.
OR
Log In

You Might Also Like...

Show Comments

Extras

Top Quizzes Today


Score Distribution

Your Account Isn't Verified!

In order to create a playlist on Sporcle, you need to verify the email address you used during registration. Go to your Sporcle Settings to finish the process.

Report this User

Report this user for behavior that violates our Community Guidelines.

Details: